[Event "TUR-chT 2nd League"]
[Site "Denizli"]
[Date "2023.07.15"]
[Round "9.81"]
[White "Guder, Eyup Sabri"]
[Black "Eynullayev, Atilla Elshan"]
[Result "1/2-1/2"]
[WhiteElo "1953"]
[BlackElo "2281"]
[PlyCount "70"]
[EventDate "2023.07.09"]
[EventType "team-swiss"]
[EventRounds "9"]
[EventCountry "TUR"]
[SourceTitle "CBM 215 Extra"]
[Source "ChessBase"]
[SourceDate "2023.09.30"]
[SourceVersion "1"]
[SourceVersionDate "2023.09.30"]
[SourceQuality "1"]
[WhiteTeam "Celik"]
[BlackTeam "Gaziantep Tantima"]
[WhiteTeamCountry "TUR"]
[BlackTeamCountry "TUR"]

1. d4 Nf6 2. c4 e6 3. Nf3 d5 4. g3 Be7 5. Bg2 0-0 6. 0-0 dxc4 7. Qc2 a6 8. Qxc4 b5 9. Qc2 Bb7 10. Bd2 Be4 11. Qc1 c6 12. Rd1 Nbd7 13. Nc3 Bg6 14. a3 c5 15. Bg5 Rc8 16. Ne5 Nxe5 17. dxe5 Nd7 18. Bxe7 Qxe7 19. Qe3 Nb6 20. Ne4 Nd5 21. Qd2 Bxe4 22. Bxe4 Rfd8 23. Qa5 Qb7 24. Rac1 g6 25. Rd2 Rd7 26. Rcd1 Rcd8 27. h4 h5 28. Rd3 Qb8 29. Bxd5 exd5 30. Qxa6 Qxe5 31. Qxb5 Qxe2 32. Qxc5 Qxb2 33. Rxd5 Rxd5 34. Rxd5 Rxd5 35. Qxd5 Qxa3 1/2-1/2

[Event "TUR-chT Clubs"]
[Site "Konya"]
[Date "2019.07.21"]
[Round "9.2"]
[White "Caputcuoglu, Zeki Berke"]
[Black "Guder, Eyup Sabri"]
[Result "0-1"]
[WhiteElo "2010"]
[BlackElo "1909"]
[PlyCount "114"]
[EventDate "2019.07.16"]
[EventType "team-swiss"]
[EventRounds "9"]
[EventCountry "TUR"]
[SourceTitle "CBM 191 Extra"]
[Source "ChessBase"]
[SourceDate "2019.09.30"]
[SourceVersion "1"]
[SourceVersionDate "2019.09.30"]
[SourceQuality "1"]
[WhiteTeam "Canakkale Doruk"]
[BlackTeam "Borcelik Bursa Deneyim"]
[WhiteTeamCountry "TUR"]
[BlackTeamCountry "TUR"]

1. Nf3 c5 2. c4 Nf6 3. Nc3 Nc6 4. d4 cxd4 5. Nxd4 e6 6. g3 Bb4 7. Bg2 Qa5 8. Nxc6 bxc6 9. Bd2 d5 10. a3 Bxc3 11. Bxc3 Qc7 12. cxd5 exd5 13. 0-0 0-0 14. Bxf6 gxf6 15. Rc1 Qb6 16. Qd2 Ba6 17. Rfe1 Rfe8 18. e4 Rad8 19. Qh6 Qxb2 20. Rxc6 Bb7 21. Rxf6 dxe4 22. Rd6 Rc8 23. Qe3 Rc2 24. Red1 Qe5 25. Rd8 Rxd8 26. Rxd8+ Kg7 27. h4 Rc3 28. Qe2 Qe6 29. Rd4 Rxa3 30. Bxe4 f5 31. Bf3 Ra1+ 32. Rd1 Qxe2 33. Bxe2 Rxd1+ 34. Bxd1 Kf6 35. Kf1 Ke5 36. Ke2 Kd4 37. Kd2 a5 38. Ba4 Be4 39. Ke2 Kc4 40. Ke3 Kb4 41. Bd7 a4 42. Bxa4 Kxa4 43. f3 Bc2 44. g4 Kb5 45. Kf4 Kc6 46. Kg5 Kd7 47. Kf6 Ke8 48. Kg7 Ke7 49. g5 f4 50. h5 Bd3 51. Kg8 Bc2 52. Kg7 Bb1 53. Kg8 Ke6 54. Kg7 Kf5 55. g6 Kg5 56. gxh7 Bxh7 57. Kxh7 Kxh5 0-1

[Event "TUR-chT Clubs"]
[Site "Konya"]
[Date "2019.07.20"]
[Round "7.1"]
[White "Guder, Eyup Sabri"]
[Black "Subasi, Cagrican"]
[Result "1-0"]
[WhiteElo "1909"]
[BlackElo "1871"]
[PlyCount "123"]
[EventDate "2019.07.16"]
[EventType "team-swiss"]
[EventRounds "9"]
[EventCountry "TUR"]
[SourceTitle "CBM 191 Extra"]
[Source "ChessBase"]
[SourceDate "2019.09.30"]
[SourceVersion "1"]
[SourceVersionDate "2019.09.30"]
[SourceQuality "1"]
[WhiteTeam "Borcelik Bursa Deneyim"]
[BlackTeam "Duzce AS Genclik"]
[WhiteTeamCountry "TUR"]
[BlackTeamCountry "TUR"]

1. d4 Nf6 2. Bg5 e6 3. e4 Be7 4. Nc3 d5 5. e5 Nfd7 6. h4 a6 7. Qg4 f5 8. Qf4 Nc6 9. 0-0-0 Nb6 10. Nf3 Bd7 11. g4 h6 12. Bxe7 Qxe7 13. gxf5 exf5 14. Bd3 Rf8 15. e6 Bxe6 16. Rde1 0-0-0 17. Ne5 Qd6 18. Rhg1 Rd7 19. Ng6 Qxf4+ 20. Nxf4 Bg8 21. Ng6 Rf6 22. Re8+ Rd8 23. Ne7+ Nxe7 24. Rxe7 g6 25. Rxg6 Rxg6 26. Bxf5+ Re6 27. Bxe6+ Bxe6 28. Rxe6 Rd6 29. Rxd6 cxd6 30. b3 Kd7 31. Kd2 Ke6 32. Ke3 Nc8 33. Kf4 Ne7 34. Kg4 Kf6 35. Ne2 b5 36. c3 a5 37. a3 Ng6 38. Ng3 Ne7 39. Nh5+ Kf7 40. Nf4 Kg7 41. Ne6+ Kg6 42. h5+ Kf7 43. Nc7 b4 44. cxb4 axb4 45. a4 Nc6 46. Nxd5 Na5 47. Nxb4 Nxb3 48. d5 Na5 49. Nc6 Nc4 50. a5 Ke8 51. a6 Kd7 52. a7 Nb6 53. f4 Kc7 54. f5 Kb7 55. f6 Nxd5 56. f7 Nf6+ 57. Kf5 Nh7 58. Kg6 Nf8+ 59. Kxh6 d5 60. Kg7 Ne6+ 61. Kg8 d4 62. Nxd4 1-0

[Event "TUR-chT Clubs"]
[Site "Konya"]
[Date "2019.07.18"]
[Round "4.4"]
[White "Guder, Eyup Sabri"]
[Black "Coban, Suleyman"]
[Result "1-0"]
[WhiteElo "1909"]
[BlackElo "1667"]
[PlyCount "95"]
[EventDate "2019.07.16"]
[EventType "team-swiss"]
[EventRounds "9"]
[EventCountry "TUR"]
[SourceTitle "CBM 191 Extra"]
[Source "ChessBase"]
[SourceDate "2019.09.30"]
[SourceVersion "1"]
[SourceVersionDate "2019.09.30"]
[SourceQuality "1"]
[WhiteTeam "Borcelik Bursa Deneyim"]
[BlackTeam "Sungurlu Egitim Genclik"]
[WhiteTeamCountry "TUR"]
[BlackTeamCountry "TUR"]

1. d4 d5 2. Nf3 g6 3. g3 Bg7 4. Bg2 Nf6 5. 0-0 0-0 6. c4 c6 7. Nc3 Bf5 8. Ne5 Be6 9. Qb3 Qb6 10. Qxb6 axb6 11. cxd5 Nxd5 12. Nxd5 Bxd5 13. Bxd5 cxd5 14. Rd1 Rc8 15. Bd2 Bxe5 16. dxe5 Nd7 17. Bb4 e6 18. f4 Rc2 19. Rd2 Rxd2 20. Bxd2 Nc5 21. a3 Nb3 22. Rd1 Nxd2 23. Rxd2 Rc8 24. Kf2 Kf8 25. Ke3 Ke7 26. Kd3 Kd7 27. e4 dxe4+ 28. Kxe4+ Ke7 29. Rd6 Rb8 30. Rxb6 Kd7 31. Rb3 Kc7 32. g4 Rh8 33. Rc3+ Kd7 34. Kd4 h5 35. Rh3 Rc8 36. gxh5 gxh5 37. Rb3 Rb8 38. a4 Kc7 39. Rh3 Rd8+ 40. Kc3 Rh8 41. Rg3 Kd7 42. Kb4 Rc8 43. Rd3+ Ke7 44. Rc3 Rg8 45. Rc7+ Kd8 46. Rxb7 Rg2 47. b3 Rxh2 48. a5 1-0

[Event "TUR-chT Clubs"]
[Site "Konya"]
[Date "2019.07.18"]
[Round "5.1"]
[White "Guven, Oguz Kagan"]
[Black "Guder, Eyup Sabri"]
[Result "1/2-1/2"]
[WhiteElo "2142"]
[BlackElo "1909"]
[PlyCount "95"]
[EventDate "2019.07.16"]
[EventType "team-swiss"]
[EventRounds "9"]
[EventCountry "TUR"]
[SourceTitle "CBM 191 Extra"]
[Source "ChessBase"]
[SourceDate "2019.09.30"]
[SourceVersion "1"]
[SourceVersionDate "2019.09.30"]
[SourceQuality "1"]
[WhiteTeam "Krater Genclik"]
[BlackTeam "Borcelik Bursa Deneyim"]
[WhiteTeamCountry "TUR"]
[BlackTeamCountry "TUR"]

1. e4 c5 2. Nf3 e6 3. c3 Nf6 4. e5 Nd5 5. d4 cxd4 6. cxd4 b6 7. Bd2 Ba6 8. Bxa6 Nxa6 9. 0-0 Be7 10. Nc3 Nac7 11. Ne4 0-0 12. Rc1 f5 13. exf6 Nxf6 14. Nxf6+ Bxf6 15. Bb4 Rf7 16. Bd6 Nd5 17. Qd3 a5 18. a4 Be7 19. Bg3 Bg5 20. Rc4 Bf4 21. Qc2 Nb4 22. Qe2 Rc8 23. Bxf4 Rxc4 24. Qxc4 Rxf4 25. Rc1 h6 26. Qc7 Qxc7 27. Rxc7 d6 28. Rb7 Nc2 29. Rxb6 Nxd4 30. Rxd6 Nxf3+ 31. gxf3 Rxa4 32. Rxe6 Rb4 33. Ra6 a4 34. Kg2 Kh7 35. Kg3 h5 36. f4 g6 37. Ra7+ Kh6 38. Ra6 Kh7 39. f3 Kg7 40. h3 Kf7 41. Ra8 Kf6 42. Ra5 Kg7 43. Kh4 Rxf4+ 44. Kg5 Rxf3 45. Ra7+ Rf7 46. Rxa4 Rf5+ 47. Kh4 Rb5 48. b4 1/2-1/2